|
|
|
|
| LEADER |
00000nam a2200000 a 4500 |
| 001 |
vtls001213336 |
| 003 |
SK-MaSNL |
| 005 |
20260301002851.0 |
| 008 |
251113s1995 xr r cze |
| 015 |
|
|
|a SNBZSA1996-00074
|
| 035 |
|
|
|a SNK000156418
|
| 035 |
|
|
|a urn:nbn:sk:snk-amlk7h
|
| 035 |
|
|
|a urn:nbn:sk:snk-am00bmew
|
| 035 |
|
|
|a 61FFB32E-A49E-40B8-8005-EA264FC6426E
|
| 040 |
|
|
|a SNK
|b slo
|c SNK
|e AACR2
|
| 041 |
0 |
|
|a cze
|
| 044 |
|
|
|a CZ
|
| 080 |
|
|
|a 341.241(437:47+57)"1968"=850
|2 1981
|
| 080 |
|
|
|a 327.5(437:47+57)"1968"=850
|2 1981
|
| 100 |
1 |
|
|a Paulík, Jan
|4 aut
|9 283365
|
| 245 |
1 |
0 |
|a Legalizace pobytu části sovětských intervenčních vojsk - uzavření smlouvy o podmínkách jejich tzv. dočasného pobytu v Československu
|c Jan Paulík
|
| 246 |
1 |
4 |
|a Pobyt sovětských vojsk na území Československa 1968-1991
|
| 260 |
|
|
|a Praha
|b Ústav pro soudobé dějiny AV ČR
|c 1995
|
| 300 |
|
|
|a 60 s.
|c 30 cm
|
| 490 |
1 |
|
|a Materiály, studie, dokumenty
|v č. 13
|
| 500 |
|
|
|a Náz. na obál.: Pobyt sovětských vojsk na území Československa 1968-1991
|
| 504 |
|
|
|a Obsahuje bibliogr. odkazy
|
| 650 |
0 |
7 |
|a zmluvy medzinárodné
|z Česko-Slovensko
|z ZSSR
|y 1968-1991
|x štúdie
|2 SNK
|9 283366
|
| 651 |
|
7 |
|a Československo
|x ZSSR
|x vzťahy medzinárodné
|y 1968-1991
|x štúdie
|2 SNK
|9 283367
|
| 655 |
|
7 |
|a príručky
|2 SNK
|9 74364
|
| 830 |
|
0 |
|a Materiály, studie, dokumenty
|9 282980
|
| 958 |
|
|
|a OND
|
| 958 |
|
|
|a ZS
|
| 958 |
|
|
|a TL
|
| 958 |
|
|
|a NB
|
| 958 |
|
|
|a CZ
|
| 958 |
|
|
|a SU
|
| 999 |
|
|
|c 538275
|d 540205
|
| 952 |
|
|
|t P60, <03>, [BOOK], {603}
|a SNK
|b SNK
|y PREZ
|7 0
|p 17A0002367
|o snkSB 55374
|i snkV 647/96
|0 0
|1 0
|4 0
|d 1996-04-12
|f 1
|l 0
|r 2016-12-31 00:00:00
|w 2026-02-23
|